Energetické využitie odpadu

Posúdenie možnosti nahradiť ušľachtilé palivo v technológii výroby cementárenského slinku pri spaľovaní plastového odpadu v cementárenskej rotačnej peci. Podklady na vyhodnotenie odborného posudku. Výsledky hodnotenia.

Gespeichert in:
Bibliographische Detailangaben
1. Verfasser: Bodnár, Š.
Format: Buchkapitel
Sprache:Slowakisch
Schlagworte:
Tags: Tag hinzufügen
Keine Tags, Fügen Sie das erste Tag hinzu!

MARC

LEADER 00000naa a2200000 4500
001 r027583
005 20230824091314.4
041 0 |a slo 
044 |a SK 
245 1 0 |a Energetické využitie odpadu  |c Š. Bodnár 
520 |a Posúdenie možnosti nahradiť ušľachtilé palivo v technológii výroby cementárenského slinku pri spaľovaní plastového odpadu v cementárenskej rotačnej peci. Podklady na vyhodnotenie odborného posudku. Výsledky hodnotenia. 
610 2 0 |a využitie odpadu 
610 2 0 |a cementárne 
610 2 0 |a odpad 
100 1 |a Bodnár, Š.